000 00669nam a22002177a 4500
005 20260317093718.0
008 260317b |||||||| |||| 00| 0 eng d
020 _a9789347492846
040 _aIN-DiNC
_cIN-DiNC
041 _dasm
082 _a370.54
_bCHA
100 _aChaliha, Beda Kumar
_eauthor
245 _aBharatiya shikshat naba parikrama (Major15)/
_cby Beda Kumar Chaliha, Tarun Saikia and Runu Bora Saikia
250 _a1st ed.
260 _aJorhat:
_bBidya bhawan,
_c2025.
300 _a406p.
650 _aEmerging trends in Indian education (Major15)
700 _aSaikia, Tarun
_eauthor
700 _aSaikia, Runu Bora
_eauthor
942 _2ddc
_cBK
999 _c12339
_d12339